MARC details
| 000 -LEADER |
| fixed length control field |
01162nam a22003017a 4500 |
| 003 - CONTROL NUMBER IDENTIFIER |
| control field |
LK-CoMWRAF |
| 005 - DATE AND TIME OF LATEST TRANSACTION |
| control field |
20231109093908.0 |
| 008 - FIXED-LENGTH DATA ELEMENTS--GENERAL INFORMATION |
| fixed length control field |
230831b2006 |||||||| |||| 00| 0 eng d |
| 020 ## - INTERNATIONAL STANDARD BOOK NUMBER |
| International Standard Book Number |
0855985712 |
| 040 ## - CATALOGING SOURCE |
| Original cataloging agency |
LK-CoMWRAF |
| Modifying agency |
LK-CoMWRAF |
| Description conventions |
LK-CoMWRAF |
| 041 ## - LANGUAGE CODE |
| Language code of text/sound track or separate title |
English |
| 082 ## - DEWEY DECIMAL CLASSIFICATION NUMBER |
| Classification number |
614.547 |
| Item number |
GEN |
| 942 ## - ADDED ENTRY ELEMENTS (KOHA) |
| Koha item type |
Books |
| 700 ## - ADDED ENTRY--PERSONAL NAME |
| Personal name |
Kwaak, Anke van der. |
| Relator Term |
editor |
| 700 ## - ADDED ENTRY--PERSONAL NAME |
| Personal name |
Wegelin-Schuringa, Madeleen. |
| Relator Term |
editor |
| 245 ## - TITLE STATEMENT |
| Title |
Gender and health: |
| Remainder of title |
policy and practice : a global sourcebook |
| 260 ## - PUBLICATION, DISTRIBUTION, ETC. (IMPRINT) |
| Place of publication, distribution, etc. |
Amsterdam: |
| Name of publisher, distributor, etc. |
KIT Publishers, |
| Date of publication, distribution, etc. |
2006 |
| 300 ## - PHYSICAL DESCRIPTION |
| Extent |
184 p. : ill. ; 24 cm. |
| Other physical details |
Index included |
| 490 ## - SERIES STATEMENT |
| Series statement |
Gender, society & development |
| 490 ## - SERIES STATEMENT |
| Series statement |
Critical reviews and annotated bibliographies series |
| 856 ## - ELECTRONIC LOCATION AND ACCESS |
| Uniform Resource Identifier |
<a href="https://www.kit.nl/wp-content/uploads/2018/08/923_Gender-and-Health-nw.pdf">https://www.kit.nl/wp-content/uploads/2018/08/923_Gender-and-Health-nw.pdf</a> |
| 650 ## - SUBJECT ADDED ENTRY--TOPICAL TERM |
| Topical term or geographic name as entry element |
SEXUAL HEALTH-Social aspects-Developing countries |
| 650 ## - SUBJECT ADDED ENTRY--TOPICAL TERM |
| Topical term or geographic name as entry element |
Health and hygiene--Social aspects--Developing countries. |
| 650 ## - SUBJECT ADDED ENTRY--TOPICAL TERM |
| Topical term or geographic name as entry element |
Reproductive health--Social aspects |
| 650 ## - SUBJECT ADDED ENTRY--TOPICAL TERM |
| Topical term or geographic name as entry element |
Sex factors in disease--Social aspects |
| 650 ## - SUBJECT ADDED ENTRY--TOPICAL TERM |
| Topical term or geographic name as entry element |
Discrimination in medical care--Developing countries. |
| 650 ## - SUBJECT ADDED ENTRY--TOPICAL TERM |
| Topical term or geographic name as entry element |
Medical policy--Developing countries. |